| 000 | 00363nam a2200145Ia 4500 | ||
|---|---|---|---|
| 008 | 210210b1999 xxu||||| |||| 00| 0 eng d | ||
| 082 | _a338.954 MISI | ||
| 100 | _aMISRA (S K) and PURI (V K). | ||
| 245 | _aIndian economy. | ||
| 250 | _a | ||
| 260 |
_aN D _bHimalaya Publishing House _c1999 |
||
| 300 | _axx,935 | ||
| 690 | _aIndian Economics | ||
| 906 | _a055669 | ||
| 999 |
_c103382 _d103382 |
||